Ocorrencia e flutuacao populacional de abelhas e vespas em pomares de macieiras (Malus domestica Bork)e pessegueiros (Prunus persica Sieb e Zucc.)no alto vale do Rio do Peixe, Santa Catarina, e eficiencia de atrativos alimentares sobre esses himenopteros (Registro n. 119990)
[ somente texto ]
| 000 -LÍDER | |
|---|---|
| campo de controle de tamanho fixo | 01239nas a2200289 4500 |
| 001 - NÚMERO DE CONTROLE | |
| campo de controle | BR8702049 |
| 003 - IDENTIFICADOR DO NÚMERO DE CONTROLE | |
| campo de controle | BR-BrBNA |
| 005 - DATA E HORÁRIO DA ÚLTIMA TRANSAÇÃO | |
| campo de controle | 20231205090638.0 |
| 007 - CAMPO FIXO DE DESCRIÇÃO FÍSICA--INFORMAÇÃO GERAL | |
| campo de controle de tamanho fixo | ta |
| 008 - CAMPO DE DADOS FIXOS--INFORMAÇÃO GERAL | |
| campo de controle de tamanho fixo | 230509b bl.|||p| |||| 00| 00por d |
| 040 ## - FONTE DA CATALOGAÇÃO | |
| Instituição da catalogação original | BR-BrBNA |
| Idioma da catalogação | por |
| Instituição que transcreveu o registro | Biblioteca Nacional de Agricultura |
| 041 ## - CÓDIGO DE IDIOMA | |
| Código do idioma do texto/trilha sonora ou título diferente | (Pt) |
| 072 ## - CÓDIGO DE CATEGORIA DE ASSUNTO | |
| Código de Categoria de Assunto | F63 |
| 100 1# - ENTRADA PRINCIPAL--NOME PESSOAL | |
| Nome pessoal | Lorenzato, D. |
| 245 1# - TÍTULO | |
| Título | Ocorrencia e flutuacao populacional de abelhas e vespas em pomares de macieiras (Malus domestica Bork)e pessegueiros (Prunus persica Sieb e Zucc.)no alto vale do Rio do Peixe, Santa Catarina, e eficiencia de atrativos alimentares sobre esses himenopteros |
| 246 1# - FORMA VARIANTE DO TÍTULO | |
| Título/título abreviado | Occurrence and populational fluctuation of bees and wasps in apple (Malus domestica Bork)and peach (Prunus persica Sieb <br/> Zucc)orchards, in the "Alto Vale do Rio do Peixe" area, Santa Catarina, and the efficiency of attractive feedings on these hymenoptera |
| 650 ## - ASSUNTO--TERMO TÓPICO | |
| Cabeçalho tópico ou nome geográfico | MACA |
| 650 ## - ASSUNTO--TERMO TÓPICO | |
| Cabeçalho tópico ou nome geográfico | PESSEGO |
| 650 ## - ASSUNTO--TERMO TÓPICO | |
| Cabeçalho tópico ou nome geográfico | ABELHA |
| 650 ## - ASSUNTO--TERMO TÓPICO | |
| Cabeçalho tópico ou nome geográfico | VESPA |
| 650 ## - ASSUNTO--TERMO TÓPICO | |
| Cabeçalho tópico ou nome geográfico | FLUTUACAO POPULACIONAL |
| 650 ## - ASSUNTO--TERMO TÓPICO | |
| Cabeçalho tópico ou nome geográfico | ATRATIVO |
| 650 ## - ASSUNTO--TERMO TÓPICO | |
| Cabeçalho tópico ou nome geográfico | POLINIZACAO |
| 773 0# - ENTRADA ANALÍTICA | |
| Título | Agronomia Sulriograndense (Brazil) |
| ISSN - International Standard Serial Number | ISSN 0400-8111 |
| Partes relacionadas | (1985), v. 21(1) p. 87-109 |
| Número de controle do registro | BR8702049 |
| 909 ## - | |
| -- | 202311 |
| -- | Lúcia |
| -- | 55 |
| -- | Lúcia Elande |
| 942 ## - ELEMENTOS DE ENTRADA ADICIONADOS (KOHA) | |
| Fonte da classificação ou esquema de arquivamento na estante | Classificação AGRIS |
| Ocultar no OPAC | Não |
| Tipo de material Koha | Analítica |
| Situação do descarte | Fonte da classificação ou esquema de arquivamento na estante | Situação física | Não pode ser emprestado | Biblioteca de origem | Biblioteca atual | Localização na estante | Enumeração do periódico / cronologia | Total de empréstimos | Data de último acesso | Número do exemplar | Tipo de material Koha | Fonte de aquisição |
|---|---|---|---|---|---|---|---|---|---|---|---|---|
| Classificação AGRIS | Consulta local | Biblioteca Nacional de Agricultura - Binagri | Biblioteca Nacional de Agricultura - Binagri | (1985), v. 21(1) p. 87-109 | 29/11/2023 | 01 | Periódicos | Portaria Interministerial nº 164/94 |

BINAGRI